Galatasaray SK Squad 2025-2026 - Statistics

General Stats
  • This quiz has been taken 271 times
    92 since last reset
  • The average score is 25 of 33
Answer Stats
# Position Nation Player % Correct
45 FW Nigeria Victor Osimhen
96%
42 DF Turkey Abdülkerim Bardakcı
93%
9 FW Argentina Mauro Icardi
93%
1 GK Turkey Uğurcan Çakır
93%
53 FW Turkey Barış Alper Yılmaz
91%
12 GK Turkey Batuhan Şen
91%
6 DF Colombia Davinson Sánchez
91%
34 MF Uruguay Lucas Torreira
91%
10 FW Germany Leroy Sané
89%
99 MF Gabon Mario Lemina
89%
77 FW Netherlands Noa Lang
89%
7 FW Hungary Roland Sallai
89%
11 FW Turkey Yunus Akgün
89%
8 MF Brazil Gabriel Sara
88%
20 MF Germany İlkay Gündoğan
88%
- Coach Turkey Okan Buruk
86%
93 DF France Sacha Boey
86%
4 DF Senegal Ismail Jakobs
84%
90 DF Ivory Coast Wilfried Singo
82%
17 DF Turkey Eren Elmalı
81%
19 GK Turkey Günay Güvenç
81%
23 DF Turkey Kaan Ayhan
77%
74 MF Guinea-Bissau Renato Nhaga
72%
3 DF Turkey Metehan Baltacı
67%
91 DF Turkey Arda Ünyay
63%
21 FW Turkey Ahmed Kutucu
61%
22 FW Colombia Yáser Asprilla
60%
30 FW Austria Yusuf Demir
51%
18 MF Turkey Berkan Kutlu
49%
88 DF Turkey Kazımcan Karataş
47%
27 FW Argentina Armando Güner
42%
70 GK Turkey Enes Emre Büyük
39%
33 MF Turkey Gökdeniz Gürpüz
39%
No matching quizzes found
Score Distribution
Percent of People with Each Score
Percentile by Number Answered
Your Score History
You have not taken this quiz since the last reset